| 000 | 01174nam a2200241Ia 4500 | ||
|---|---|---|---|
| 003 | OSt | ||
| 005 | 20220923213737.0 | ||
| 006 | a|||||r|||| 00| 0 | ||
| 007 | ta | ||
| 008 | 220922b |||||||| |||| 00| 0 hin d | ||
| 024 | _a164,314 | ||
| 037 | _cTextual | ||
| 040 |
_aARTS _cARTS _bhin |
||
| 041 |
_2hin _ahin |
||
| 082 | _aO152,1M89:g, L0 | ||
| 100 |
_aपाण्डेय, शम्भूनाथ; जैसवाल, प्रतापचन्द, संपा. _9163137 |
||
| 245 | 0 | _aप्रसाद की साहित्य-साधना* 'सरस्वती संवाद' का प्रसाद अक व प्रसाद के साहित्य का गवेषणात्मक अध्ययन, | |
| 246 | _aPrasād kī sāhitya-sādhanā: 'sarasvatī sanvāda' kā prasād ak v prasād ke sāhitya kā gaveṣhaṇātmak adhyayana, | ||
| 260 | _c1970 | ||
| 650 |
_aहिन्दी साहित्य _9156264 |
||
| 942 |
_hO152,1M89:g, L0 _cTEXL _2CC |
||
| 999 |
_c318794 _d318794 |
||